Statistics for Bulgaria Quiz

Click here to take the quiz!

General Stats

  • This quiz has been taken 40 times
  • The average score is 4 of 5

Answer Stats

Question Answer % Correct
What is the capital of Bulgaria?Sofia
100%
Where is Bulgaria located?Europe
97%
What sea is located next to BulgariaBlack Sea
88%
Whats the population of Bulgaria?7 million
79%
Who is currently the bulgarian president?Rumen Radev
61%

Score Distribution

Percentile by Number Answered

Percent of People with Each Score

Your Score History

You have not taken this quiz